[Event "Magdeburg op-B"]
[Site "Magdeburg"]
[Date "2014.06.11"]
[Round "6"]
[White "Roessl, Mira"]
[Black "Maar, Felicitas"]
[Result "0-1"]
[WhiteElo "725"]
[BlackElo "1087"]
[PlyCount "116"]
[EventDate "2014.06.08"]
[EventType "swiss"]
[EventRounds "9"]
[EventCountry "GER"]
[SourceTitle "CBM 160 Extra"]
[Source "ChessBase"]
[SourceDate "2014.07.01"]
[SourceVersion "1"]
[SourceVersionDate "2014.07.01"]
[SourceQuality "1"]

1. d4 d5 2. Nc3 Nf6 3. Bf4 a6 4. Nf3 Nc6 5. e3 Bd7 6. Bd3 e6 7. 0-0 Be7 8. Qe2 0-0 9. Bg5 h6 10. Bxf6 Bxf6 11. e4 Re8 12. exd5 exd5 13. Qd1 Bg4 14. Be2 Bxf3 15. Bxf3 Bxd4 16. Bxd5 Bf6 17. Ne4 Bxb2 18. Qh5 Re7 19. Rab1 Nb4 20. Rfd1 Rd7 21. c4 Nxd5 22. cxd5 Ba3 23. Rd3 Be7 24. Rf3 f6 25. Qg6 Rxd5 26. Nc3 Rg5 27. Qd3 Qxd3 28. Rxd3 b6 29. Ne4 Ra5 30. Rbd1 Rxa2 31. h3 f5 32. Nc3 Rc2 33. Nd5 Bd6 34. Ne3 Rc5 35. Rd5 f4 36. Nf5 Rxd5 37. Rxd5 a5 38. Rd1 a4 39. Nxd6 cxd6 40. Ra1 b5 41. Kf1 b4 42. Ke1 b3 43. Kd1 b2 44. Rb1 a3 45. Rxb2 axb2 46. Kc2 Rb8 47. Kb1 d5 48. g4 Re8 49. Kxb2 Re2+ 50. Kc3 Rxf2 51. Kd4 Re2 52. Kd3 f3 53. Kd4 f2 54. Kxd5 f1Q 55. Kd4 Qd1+ 56. Kc5 Rc2+ 57. Kb6 Qb1+ 58. Ka6 Ra2# 0-1

[Event "GER-chT U10"]
[Site "Magdeburg"]
[Date "2013.12.28"]
[Round "3.3"]
[White "Roessl, Mira"]
[Black "Polzer, Luis"]
[Result "0-1"]
[WhiteElo "672"]
[BlackElo "600"]
[PlyCount "72"]
[EventDate "2013.12.27"]
[EventType "team-swiss"]
[EventRounds "5"]
[EventCountry "GER"]
[SourceTitle "EXT 2015"]
[Source "ChessBase"]
[SourceDate "2014.11.20"]
[SourceVersion "1"]
[SourceVersionDate "2014.11.20"]
[SourceQuality "1"]
[WhiteTeam "Harksheide II"]
[BlackTeam "Braunschweig"]
[WhiteTeamCountry "GER"]
[BlackTeamCountry "GER"]

1. e4 e5 2. Nf3 Bd6 3. d4 Ne7 4. dxe5 Bc5 5. Bc4 0-0 6. Ng5 Ng6 7. Bxf7+ Kh8 8. 0-0 Qe7 9. Qd5 Bd6 10. Nc3 Bxe5 11. Nb5 c6 12. Qc4 cxb5 13. Qxb5 a6 14. Qd5 d6 15. Be6 Nf4 16. Qc4 Bxe6 17. Bxf4 Bxc4 18. Rfd1 Bxf4 19. Rd4 Bb5 20. Nf3 Be2 21. Nd2 Nc6 22. Rd5 Qe6 23. Nc4 Bxc4 24. Rh5 Qg6 25. Rh4 Qg5 26. g3 Be5 27. f4 Qf6 28. Rf1 Bxf1 29. Kxf1 Bxf4 30. gxf4 Qxh4 31. Ke2 Nd4+ 32. Kd2 Qxf4+ 33. Kc3 Qxe4 34. a3 Rac8+ 35. Kd2 Nxc2 36. Kc1 Qe1# 0-1